WRC Rally NZ Winners - Statistics

General Stats
  • This quiz has been taken 149 times
    51 since last reset
  • The average score is 17 of 22
Answer Stats
Hint Answer % Correct
2012 Sebastien Loeb
97%
2008 Sebastien Loeb
97%
2005 Sebastien Loeb
97%
2007 Marcus Gronholm
89%
2006 Marcus Gronholm
89%
2003 Marcus Gronholm
89%
2002 Marcus Gronholm
89%
2000 Marcus Gronholm
89%
1995 Colin McRae
77%
1994 Colin McRae
77%
1993 Colin McRae
77%
2001 Richard Burns
77%
1998 Carlos Sainz
74%
1992 Carlos Sainz
74%
1991 Carlos Sainz
74%
1990 Carlos Sainz
74%
1999 Tommi Makinen
74%
2010 Jari-Matti Latvala
69%
2004 Petter Solberg
66%
2017 Hayden Paddon
34%
2022 Kalle Rovanpera
34%
1997 Kenneth Eriksson
34%
No matching quizzes found
Score Distribution
Percent of People with Each Score
Percentile by Number Answered
Your Score History
You have not taken this quiz since the last reset